| 000 | nam a22 7a 4500 | ||
|---|---|---|---|
| 999 |
_c127603 _d127603 |
||
| 008 | 180313b xxu||||| |||| 00| 0 eng d | ||
| 020 | _a9789966600813 | ||
| 050 |
_aHN37 _b.C3 P825 |
||
| 100 |
_aOpongo, Elias O. _927640 |
||
| 245 |
_aPope Francis on good governance and accountability in Africa _cElias O. Opongo |
||
| 260 |
_aNairobi _bPaulines Publications Africa _c2018 |
||
| 300 |
_a295p. ; _c21cm. |
||
| 600 |
_aFrancis, 1 _913776 |
||
| 650 |
_aSociology (Christian) _xCatholic Church _929107 |
||
| 650 |
_aChurch and social problems _91595 |
||
| 942 |
_2lcc _cMONOGRAPH |
||